000
00314nam a22001457a 4500
008
221118b ||||| |||| 00| 0 eng d
020
_a
9780415905688
041
_a
eng
080
_a
159.9
082
_a
159.9LAR
100
_a
25
101
_a
PSI
245
_a
ANETHIC OF CARE
_c
LARRABEE J M
942
_2
udc
_c
BK
999
_c
58957
_d
58957